[Event "Boeblingen op 24th"]
[Site "Boeblingen"]
[Date "2007.12.26"]
[Round "1"]
[White "Schmittdiel, Eckhard"]
[Black "Lippert, Roland"]
[Result "1-0"]
[WhiteElo "2423"]
[BlackElo "1942"]
[PlyCount "71"]
[EventDate "2007.12.26"]
[EventType "swiss"]
[EventRounds "9"]
[EventCountry "GER"]
[SourceTitle "CBM 122 Extra"]
[Source "ChessBase"]
[SourceDate "2008.03.04"]
[SourceVersion "1"]
[SourceVersionDate "2008.03.04"]
[SourceQuality "1"]

1. Nf3 d5 2. c4 e6 3. Nc3 Nf6 4. e3 c6 5. b3 Be7 6. Bb2 0-0 7. d4 Nbd7 8. Bd3 dxc4 9. bxc4 c5 10. 0-0 b6 11. Ne5 Bb7 12. Qc2 h6 13. Rad1 Qc7 14. Nxd7 Nxd7 15. d5 Nf6 16. Nb5 Qc8 17. d6 Bd8 18. f3 a6 19. Nc3 Kh8 20. Qf2 e5 21. Bb1 Qe6 22. Qe2 Bc6 23. a4 Ra7 24. Rd2 Rd7 25. Rfd1 Ne8 26. Be4 Bxe4 27. Nxe4 f5 28. Nf2 Rxd6 29. Rd5 Bc7 30. e4 f4 31. Nd3 Rxd5 32. exd5 Qf5 33. Bxe5 Bxe5 34. Qxe5 Qxe5 35. Nxe5 Rf6 36. d6 1-0